000 00586nam a2200181Ia 4500
008 151202s9999||||xx |||||||||||||| ||und||
082 _bPNVM-47213
100 _aत्रिभुवन शैलेश.
245 _aशैलसंवाद.
260 _b"स्नेहर्वान प्रकाशन,पुणे."
260 _c2001
300 _a103
600 _aत्रिभुवन शैलेश.
630 _aशैलसंवाद.
700 _aत्रिभुवन शैलेश.
730 _aशैलसंवाद.
942 _cBOOK
999 _c1313163
_d1313160